[Event "Paris European Corporate 1st"]
[Site "Paris"]
[Date "2017.11.25"]
[Round "9.1"]
[White "Harouat, Salim"]
[Black "Shcherbin, Matvei"]
[Result "0-1"]
[WhiteElo "1071"]
[BlackElo "2366"]
[PlyCount "60"]
[EventDate "2017.11.24"]
[EventType "team-swiss"]
[EventRounds "9"]
[EventCountry "FRA"]
[SourceTitle "CBM 181 Extra"]
[Source "ChessBase"]
[SourceDate "2017.12.12"]
[SourceVersion "1"]
[SourceVersionDate "2017.12.12"]
[SourceQuality "1"]
[WhiteTeam "Dassault Systems"]
[BlackTeam "RZD"]
[WhiteTeamCountry "FRA"]
[BlackTeamCountry "RUS"]

1. d4 d6 2. Bf4 f5 3. e3 Nf6 4. Nf3 g6 5. Bd3 Bg7 6. 0-0 0-0 7. Nbd2 Qe8 8. Re1 Nh5 9. Bg3 e5 10. Bc4+ Kh8 11. dxe5 dxe5 12. Ng5 h6 13. Ngf3 Nd7 14. e4 f4 15. Bh4 g5 16. Nxg5 hxg5 17. Bxg5 Ndf6 18. Nf3 Bg4 19. Bxf6 Bxf6 20. Be2 Rd8 21. Nd2 f3 22. Bxf3 Bxf3 23. gxf3 Bg5 24. Re3 Bxe3 25. fxe3 Qd7 26. Kf2 Qxd2+ 27. Qe2 Rg8 28. Qxd2 Rxd2+ 29. Ke1 Rxc2 30. Rd1 Rg1# 0-1